00367nam a2200109 a 45000010005000000030005000050050017000100080041000270400020000682450063000882600106001515167CDMR20130116135305.0130130s2007||||||||||||||||||||||||||||d aCDMRbcatcCDMR 0aLlibre del Fòrum Mundial de la Televisió Infantil 2006 aBarcelonac2007bObservatori Europeu de la Televisió Infantil. Comissionat de les Arts Audiovisuals